Cuenta pública del vicepresidente ejecutivo de Corfo, Oscar Landerretche Gacitúa, marzo de 2006
সংরক্ষণ করুন:
| সংস্থা লেখক: | , |
|---|---|
| বিন্যাস: | গ্রন্থ |
| ভাষা: | স্প্যানিশ |
| প্রকাশিত: |
Santiago
CORFO
2006
|
| বিষয়গুলি: | |
| ট্যাগগুলো: |
ট্যাগ যুক্ত করুন
কোনো ট্যাগ নেই, প্রথমজন হিসাবে ট্যাগ করুন!
|
MARC
| LEADER | 00000nam a2200000 a 4500 | ||
|---|---|---|---|
| 001 | UCK9118 | ||
| 003 | CL-VaPUC | ||
| 008 | 060421e20060000CL |||||||||||||||||spa|d | ||
| 082 | 0 | 4 | |a 338.16 |b COR |2 21 |
| 110 | 2 | |a CORFO |e author |9 498821 | |
| 710 | 2 | |a Corporación de Fomento de la Producción |e author |9 498822 | |
| 245 | 1 | 0 | |a Cuenta pública del vicepresidente ejecutivo de Corfo, Oscar Landerretche Gacitúa, marzo de 2006 |
| 300 | |a 53 p | ||
| 942 | |c BK | ||
| 945 | |d 20060421 00:00:00 |a cmena | ||
| 260 | |a Santiago |b CORFO |c 2006 | ||
| 650 | 7 | |a INNOVACIONES TECNOLOGICAS |2 CL-VaPUC |9 498823 | |
| 650 | 0 | |a Desarrollo económico |9 259599 | |
| 650 | 0 | |a Proyectos de inversión |9 261065 | |
| 650 | 0 | |a Calidad total |9 259929 | |
| 651 | 7 | |a CHILE |2 CL-VaPUC |9 498824 | |
| 583 | |a last modification |c 20060421 00:00:00 |k Rodrigo Vera | ||
| 999 | |c 316403 |d 316401 | ||
| 952 | |0 0 |1 0 |4 0 |6 338_160000000000000_COR_2006 |7 0 |8 A |9 390772 |a BIBING |b BIBING |d 2019-11-22 |i 4223047 |o 338.16 COR 2006 |p 4223047 |r 2025-01-20 |w 2019-11-22 |y BK |k EII | ||